Prvé prikázanie

Bibliographic Details
Main Author: Chautur, Milan, 1957- (Author)
Format: Article
Language:Slovak
PhysicalDescription:Obr.
Subjects:

MARC

LEADER 00000nab a2200000 a 4500
001 vtls000695122
003 SK-MaSNL
005 20260304094620.0
008 250425c1999 xo 0 slo
015 |a SNBRA1999/06-16231 
035 |a CLN000047289 
035 |a urn:nbn:sk:snk-abd3g7 
035 |a (urnnbn)urn:nbn:sk:snk:ar-002ict 
035 |a (uuid)6c82b664-b4f9-4b7b-8713-4b9f11259f27 
040 |a SNKBUCL  |b slo  |c SNKBUCL  |e AACR2 
041 0 |a slo 
044 |a xo  |c SK 
080 |a 241.6  |2 1997 
100 1 |a Chautur, Milan,  |d 1957-  |4 aut  |9 106641 
245 1 0 |a Prvé prikázanie  |c Milan Chautur 
300 |b Obr. 
630 0 7 |a Desať prikázaní  |p Ja som Pán, tvoj Boh  |2 snkbucl  |9 889892 
655 7 |a články z novín a časopisov  |2 snkbucl  |9 267496 
773 0 |t Slovo : časopis gréckokatolíckej cirkvi  |g Roč. 31, č. 13 (1999), s. 4 
850 |a Slovenská národná knižnica 
852 |a Slovenská národná knižnica 
954 |a odborná, vedecká literatúra pôvodná (slovenská)  |2 lita 
958 |a article17 
958 |a OND 
958 |a EUIPO 
992 |a RBX 
999 |c 2828014  |d 2829944